000 00685nam a22001577a 4500
003 OSt
005 20151027170842.0
008 151027b xxu||||| |||| 00| 0 eng d
040 _cRUA
082 _aVTF KHI 2009 B112 Or.1
100 _92995
_aKHIEV MONORM
245 _aE`tude de l'importance de la fasciolose chez les bovins dans le district de samrong tong, province de kompong speu, (ការសិក្សាអំពីជំងឺហ្វាស្យូឡាលើសត្វគោក្នុង ស្រុកសំរោងទង ខេត្តកំពង់ស្ពឺ)
260 _aPhnom penh
_bRua
_c2009
300 _avi; 32p.
_bill.
_c29cm.
942 _2ddc
_cVTF`
999 _c2810
_d2810